Statistics for Kirby And The Forgotten Land Evolved Abilities

Click here to take the quiz!

General Stats

  • This quiz has been taken 30 times
  • The average score is 19 of 24

Answer Stats

Base AbilityLevelAnswer% Correct
Fire3Dragon Fire
100%
Crash2Time Crash
96%
Hammer2Toy Hammer
96%
Fire2Volcano Fire
96%
Bomb2Chain Bomb
88%
Bomb3Homing Bomb
88%
Drill2Pencil Drill
88%
Ranger3Space Ranger
85%
Needle2Clutter Needle
81%
Needle3Crystal Needle
81%
Sword3Meta Knight Sword
81%
Sword4Morpho Knight Sword
81%
Drill3Twin Drill
81%
Sleep2Deep Sleep
77%
Tornado3Storm Tornado
77%
Tornado2Fleur Tornado
73%
Ice2Frosty Ice
73%
Cutter2Chakram Cutter
69%
Sword2Gigant Sword
69%
Hammer4Masked Hammer
69%
Hammer3Wild Hammer
69%
Cutter3Buzz-Saw Cutter
65%
Ice3Blizzard Ice
62%
Ranger2Noble Ranger
62%

Score Distribution

Percentile by Number Answered

Percent of People with Each Score

Your Score History

You have not taken this quiz